[Event "Guernsey Open"]
[Site "Guernsey"]
[Date "2010.10.18"]
[Round "2"]
[White "Sveshnikov, Vladimir"]
[Black "Westerkamp, Bert"]
[Result "1-0"]
[WhiteElo "2374"]
[BlackElo "2063"]
[PlyCount "49"]
[EventDate "2010.10.17"]
[SourceDate "2010.10.30"]

1. e4 e5 2. Nf3 Nc6 3. d4 exd4 4. Nxd4 Nf6 5. Nxc6 bxc6 6. e5 Ne4 7. Qf3 Ng5 8.
Qg3 Ne4 9. Qe3 Nc5 10. Nd2 Be7 11. Nb3 Ne6 12. Bd3 d5 13. O-O c5 14. c4 c6 15.
f4 dxc4 16. Bxc4 O-O 17. Qf2 Nd4 18. Be3 Nxb3 19. axb3 Qc7 20. Bxc5 Rd8 21.
Bxa7 Rxa7 22. Rxa7 Bb7 23. h3 Bb4 24. Ba6 Rb8 25. Kh2 1-0

[Event "Guernsey Open"]
[Site "Guernsey"]
[Date "2010.10.18"]
[Round "2"]
[White "Bolt, Graham"]
[Black "Bellin, Robert"]
[Result "0-1"]
[WhiteElo "2062"]
[BlackElo "2365"]
[PlyCount "65"]
[EventDate "2010.10.17"]
[SourceDate "2010.10.30"]

1. g3 d5 2. Bg2 c6 3. b3 e5 4. Bb2 Nd7 5. d3 Ngf6 6. Nd2 Bc5 7. e3 O-O 8. h3
Re8 9. Ne2 Qe7 10. O-O Ba3 11. Bxa3 Qxa3 12. c4 Nb6 13. Qc2 Bf5 14. e4 dxe4 15.
dxe4 Bg6 16. Nc3 Qc5 17. Rad1 a5 18. a4 Nbd7 19. Kh2 Qb6 20. Ne2 Nc5 21. Nc1
Rad8 22. f3 Nfd7 23. Nb1 Nf8 24. Qf2 Nxa4 25. bxa4 Qxf2 26. Rxf2 Rxd1 27. Rc2
Red8 28. f4 exf4 29. gxf4 Bh5 30. Kg3 Ne6 31. Rc3 Nc5 32. Kh4 g6 33. Kg5 0-1

[Event "Guernsey Open"]
[Site "Guernsey"]
[Date "2010.10.18"]
[Round "2"]
[White "Mack, Wolfgang"]
[Black "Prins, Jan"]
[Result "1-0"]
[WhiteElo "2256"]
[BlackElo "2061"]
[PlyCount "51"]
[EventDate "2010.10.17"]
[SourceDate "2010.10.30"]

1. e4 c6 2. Nc3 d5 3. Qf3 e6 4. d4 dxe4 5. Qxe4 Nf6 6. Qd3 b6 7. Nge2 Ba6 8.
Qg3 Nbd7 9. Be3 Nd5 10. O-O-O Nxe3 11. fxe3 Nf6 12. e4 h5 13. d5 cxd5 14. exd5
h4 15. Qe1 Qc7 16. dxe6 fxe6 17. Nd4 Bxf1 18. Qxe6+ Be7 19. Rhxf1 Qd6 20. Qh3
Kf7 21. Nf5 Qc5 22. Nxe7 Kxe7 23. Ne4 Qc8 24. Qa3+ Ke6 25. Ng5+ Ke5 26. Qd6#
1-0

[Event "Guernsey Open"]
[Site "Guernsey"]
[Date "2010.10.18"]
[Round "2"]
[White "Van Ingen, Ton"]
[Black "Broek, Thomas"]
[Result "0-1"]
[WhiteElo "2058"]
[BlackElo "2217"]
[PlyCount "48"]
[EventDate "2010.10.17"]
[SourceDate "2010.10.30"]

1. d4 Nf6 2. Nf3 g6 3. c4 Bg7 4. Nc3 d5 5. e3 c5 6. Qb3 dxc4 7. Bxc4 O-O 8. O-O
cxd4 9. Nxd4 e5 10. Nf3 Nc6 11. Rd1 Qe7 12. Nd5 Nxd5 13. Bxd5 e4 14. Nd2 Nb4
15. Bxe4 a5 16. a3 Be6 17. Qa4 Na6 18. Qb5 Bd7 19. Qe2 Ba4 20. Re1 Rad8 21. Bd3
Nc5 22. Bb5 Bc2 23. Nf1 Nb3 24. Ra2 Bb1 0-1

[Event "Guernsey Open"]
[Site "Guernsey"]
[Date "2010.10.18"]
[Round "2"]
[White "Gant, Chris"]
[Black "Pleasants, Allan J"]
[Result "0-1"]
[WhiteElo "2206"]
[BlackElo "2048"]
[PlyCount "44"]
[EventDate "2010.10.17"]
[SourceDate "2010.10.30"]

1. d4 e6 2. Nf3 Nf6 3. g3 b6 4. Bg2 Bb7 5. O-O Be7 6. c4 O-O 7. Nc3 d5 8. Ne5
Nbd7 9. Qa4 Nb8 10. Bf4 a6 11. Rfd1 c6 12. cxd5 cxd5 13. Rac1 b5 14. Qb3 Nh5
15. Na4 Nxf4 16. gxf4 Bd6 17. Nc5 Ra7 18. e4 dxe4 19. Nxb7 Rxb7 20. Bxe4 Rc7
21. d5 Rxc1 22. Rxc1 Bxe5 0-1

[Event "Guernsey Open"]
[Site "Guernsey"]
[Date "2010.10.18"]
[Round "2"]
[White "Thurlow, Kevin J"]
[Black "Havenaar, Jan"]
[Result "0-1"]
[WhiteElo "2045"]
[BlackElo "2193"]
[PlyCount "82"]
[EventDate "2010.10.17"]
[SourceDate "2010.10.30"]

1. c4 e5 2. Nc3 Nf6 3. Nf3 Nc6 4. e3 Bb4 5. Qc2 a5 6. Nd5 Bc5 7. a3 d6 8. Be2
Be6 9. e4 Nd4 10. Nxd4 Bxd4 11. Rb1 c6 12. Ne3 g6 13. O-O h5 14. b4 axb4 15.
axb4 Ng4 16. Rb3 Qh4 17. h3 Nf6 18. Bf3 Nh7 19. g3 Qe7 20. Bg2 Qd7 21. Kh2 h4
22. g4 O-O 23. Bb2 b5 24. d3 Ra2 25. Rc1 Qa7 26. Nd1 Qa6 27. Nc3 bxc4 28. dxc4
Qxc4 29. Nxa2 Qxc2 30. Rxc2 Bxb3 31. Rd2 c5 32. Nc1 Bc4 33. Bxd4 cxd4 34. Rc2
Bb5 35. f4 f6 36. f5 Rb8 37. Rc7 Ng5 38. Kg1 gxf5 39. gxf5 Rb6 40. Kf2 Rc6 41.
Rb7 Rc2+ 0-1

[Event "Guernsey Open"]
[Site "Guernsey"]
[Date "2010.10.18"]
[Round "2"]
[White "Norman, Kenneth I"]
[Black "Goris, Ton"]
[Result "1/2-1/2"]
[WhiteElo "2168"]
[BlackElo "2044"]
[PlyCount "75"]
[EventDate "2010.10.17"]
[SourceDate "2010.10.30"]

1. Nf3 Nf6 2. c4 g6 3. d4 d5 4. cxd5 Nxd5 5. g3 Bg7 6. Bg2 O-O 7. O-O c6 8. e4
Nb6 9. h3 Na6 10. Nc3 Be6 11. Re1 Qd7 12. Kh2 Rad8 13. Bg5 h6 14. Bf4 g5 15.
Bc1 Bxd4 16. Nxd4 Qxd4 17. Qh5 Qg7 18. f4 f6 19. Be3 Rd7 20. f5 Bf7 21. Qf3 e5
22. Bf1 Bc4 23. b3 Bxf1 24. Rxf1 Rd3 25. Rac1 Rfd8 26. Rfd1 R8d7 27. Qe2 Rxd1
28. Rxd1 Rxd1 29. Qxd1 Qd7 30. Qh5 Qg7 31. Qe8+ Qf8 32. Qe6+ Qf7 33. Qd6 Kg7
34. Qd8 Qc7 35. Qe8 Qf7 36. Qd8 Qc7 37. Qe8 Qf7 38. Qd8 1/2-1/2

[Event "Guernsey Open"]
[Site "Guernsey"]
[Date "2010.10.18"]
[Round "2"]
[White "Spanton, Timothy R"]
[Black "Goater, Kevin"]
[Result "1-0"]
[WhiteElo "2020"]
[BlackElo "2154"]
[PlyCount "117"]
[EventDate "2010.10.17"]
[SourceDate "2010.10.30"]

1. c4 g6 2. g3 Bg7 3. Bg2 e5 4. Nc3 Nc6 5. e4 d6 6. Nge2 f5 7. exf5 Bxf5 8. O-O
Nf6 9. d4 Qc8 10. f4 exd4 11. Nxd4 Nxd4 12. Qxd4 O-O 13. Nd5 Kh8 14. Ne7 Qe6
15. Nxf5 Qxf5 16. Bd2 c5 17. Qc3 Ng4 18. Qf3 Bd4+ 19. Kh1 Rae8 20. Bh3 h5 21.
Bc3 Bxc3 22. Qxc3+ Kh7 23. Rae1 Nf2+ 24. Rxf2 Qxh3 25. Qd2 Re6 26. Rxe6 Qxe6
27. Qe2 Re8 {(=)} 28. Qxe6 Rxe6 29. Rd2 Kg7 30. Kg2 Kf6 31. Kf3 Kf7 32. h3 a6
33. a4 Re1 34. Rxd6 Rc1 35. Rd7+ Kg8 36. Rxb7 Rxc4 37. Rb6 Rxa4 38. Rxg6+ Kf7
39. Rg5 c4 40. Rxh5 Rb4 41. Ra5 Rxb2 42. Rxa6 c3 43. Rc6 Rc2 44. h4 Rc1 45. Kg4
c2 46. h5 Ke7 47. h6 Kd7 48. Rc3 Ke8 49. Kf5 Rh1 50. Rxc2 Rxh6 51. Rc7 Ra6 52.
g4 Ra5+ 53. Kf6 Ra4 54. Kg5 Kf8 55. f5 Rb4 56. Ra7 Rc4 57. Kh5 Rc5 58. Kg6 Rb5
59. Ra8+ 1-0

[Event "Guernsey Open"]
[Site "Guernsey"]
[Date "2010.10.18"]
[Round "2"]
[White "Smith, David WF"]
[Black "Casiot, David J"]
[Result "1/2-1/2"]
[WhiteElo "1726"]
[BlackElo "2130"]
[PlyCount "107"]
[EventDate "2010.10.17"]
[SourceDate "2010.10.30"]

1. d4 f5 2. Nf3 Nf6 3. Bf4 e6 4. e3 Be7 5. h3 O-O 6. c4 d6 7. Nc3 Qe8 8. Qc2
Nbd7 9. Be2 h6 10. O-O-O Nh5 11. Bh2 g5 12. g4 Ng7 13. gxf5 exf5 14. Bg3 Nf6
15. Nd2 Ngh5 16. Bd3 Kg7 17. Bxf5 Nxg3 18. fxg3 Nh5 19. g4 Bxf5 20. gxf5 Ng3
21. Rhg1 Nxf5 22. Qd3 c6 23. Rdf1 Qg6 24. e4 Nh4 25. Qg3 Rxf1+ 26. Rxf1 Rf8 27.
Rxf8 Bxf8 28. Qg4 h5 29. Qg3 Be7 30. d5 g4 31. hxg4 hxg4 32. Ne2 Qg5 33. Nf4
Kf6 34. Ne6 Qh5 35. Qf4+ Kg6 36. Qg3 Bg5 37. Kc2 Bxd2 38. Kxd2 Nf3+ 39. Ke3
Qh6+ 40. Nf4+ Kg5 41. Ne6+ Kf6+ 42. Qf4+ Qxf4+ 43. Kxf4 Ne5 44. b3 cxd5 45.
exd5 Nd3+ 46. Kxg4 Nc1 47. Nd8 Nxa2 48. Nxb7 Ke5 49. Na5 a6 50. Kf3 Kd4 51. Nb7
Nc1 52. Nxd6 Nxb3 53. Ke2 Na5 54. Nf5+ 1/2-1/2

[Event "Guernsey Open"]
[Site "Guernsey"]
[Date "2010.10.18"]
[Round "2"]
[White "Dennis, Nigel W"]
[Black "Heppell, Ian N"]
[Result "0-1"]
[WhiteElo "1950"]
[BlackElo "2126"]
[PlyCount "140"]
[EventDate "2010.10.17"]
[SourceDate "2010.10.30"]

1. e4 e5 2. Nf3 d6 3. d4 exd4 4. Nxd4 Nf6 5. Nc3 Be7 6. Bc4 O-O 7. O-O a6 8. a4
Nc6 9. Nxc6 bxc6 10. Re1 Nd7 11. Bf4 Bf6 12. Qd2 Re8 13. h3 Rb8 14. b3 Ne5 15.
Bxe5 Bxe5 16. f4 Bf6 17. e5 dxe5 18. Qxd8 Bxd8 19. Rxe5 Rxe5 20. fxe5 Bf5 21.
Bxa6 Bxc2 22. Bc4 Be7 23. a5 Bc5+ 24. Kf1 Bd4 25. Rc1 Bxb3 26. Bxb3 Rxb3 27.
Ne4 Bxe5 28. a6 f5 29. Nc5 Ra3 30. Nd7 Bd6 31. Rxc6 Kf7 32. Nc5 Ke7 33. Ke2 g6
34. g4 fxg4 35. hxg4 Bxc5 36. Rxc5 Kd6 37. Rc1 Rxa6 38. Rh1 c5 39. Rxh7 Rc6 40.
Kd3 c4+ 41. Kc3 Ke6 42. Rh1 Kf6 43. Rg1 Kg5 44. Rg2 Rc8 45. Rg1 Rc7 46. Rg2 Kf4
47. Rg1 Kf3 48. g5 Kf4 49. Rg2 Rc5 50. Rg1 Rxg5 51. Rf1+ Ke3 52. Kxc4 Rf5 53.
Re1+ Kf2 54. Ra1 g5 55. Kd4 g4 56. Ke4 Rf8 57. Ra2+ Kg1 58. Ra1+ Kg2 59. Ra2+
Rf2 60. Ra8 g3 61. Ke3 Kg1 62. Rg8 g2 63. Ra8 Rf5 64. Ra7 Kh2 65. Rh7+ Kg3 66.
Rg7+ Kh2 67. Rh7+ Kg1 68. Ra7 Rh5 69. Ra1+ Kh2 70. Ra2 Kh1 0-1

[Event "Guernsey Open"]
[Site "Guernsey"]
[Date "2010.10.18"]
[Round "2"]
[White "Paardekam, Rene"]
[Black "Chidi, Lovinia"]
[Result "1/2-1/2"]
[WhiteElo "2090"]
[BlackElo "1801"]
[PlyCount "59"]
[EventDate "2010.10.17"]
[SourceDate "2010.10.30"]

1. e4 c5 2. Nf3 d6 3. d4 cxd4 4. Nxd4 e6 5. Nc3 a6 6. Be2 Qc7 7. Be3 Nf6 8. Qd2
Be7 9. O-O Nc6 10. Rfd1 Nxd4 11. Bxd4 Bd7 12. f3 Rc8 13. a4 O-O 14. Rac1 Kh8
15. f4 e5 16. Be3 Bc6 17. Bf3 Qa5 18. Rb1 Qc7 19. Rbc1 Qa5 20. Ra1 Qc7 21. Qf2
exf4 22. Bxf4 Nd7 23. Bg4 Rcd8 24. Nd5 Bxd5 25. exd5 Ne5 26. Bf5 g6 27. Bd3 Bf6
28. c3 Bg7 29. h3 Rde8 30. Bf1 1/2-1/2

[Event "Guernsey Open"]
[Site "Guernsey"]
[Date "2010.10.18"]
[Round "2"]
[White "Lenier, Jude"]
[Black "Gravett, Alan D"]
[Result "0-1"]
[WhiteElo "1963"]
[BlackElo "1913"]
[PlyCount "90"]
[EventDate "2010.10.17"]
[SourceDate "2010.10.30"]

1. e4 c5 2. Nf3 Nf6 3. Nc3 d5 4. exd5 Nxd5 5. Bc4 Nxc3 6. bxc3 e6 7. O-O Nd7 8.
Qe2 Be7 9. d4 O-O 10. Rd1 Bf6 11. a4 Re8 12. a5 Qc7 13. Ra3 a6 14. d5 e5 15. d6
Qd8 16. Qe4 Rb8 17. Qd5 Rf8 18. Be3 b5 19. axb6 Bb7 20. Qd2 Nxb6 21. Bxa6 e4
22. Ne1 Bxa6 23. Rxa6 Nc4 24. Qd5 Nxe3 25. fxe3 Bxc3 26. Qxc5 Rc8 27. Qd5 Bxe1
28. d7 Qh4 29. Qf5 Rc5 30. Qf4 Qxf4 31. exf4 Bh4 32. Rad6 Rd8 33. g3 Bf6 34.
Re1 Kf8 35. Rxe4 Rc7 36. c4 Rcxd7 37. Rxd7 Rxd7 38. Re2 Rc7 39. Rc2 Ke7 40. Kf2
Kd6 41. g4 Bd4+ 42. Ke2 Re7+ 43. Kd3 Bc5 44. f5 Re3+ 45. Kd2 Re4 0-1

[Event "Guernsey Open"]
[Site "Guernsey"]
[Date "2010.10.18"]
[Round "2"]
[White "Knight, Tim R"]
[Black "Burton, Ronnie"]
[Result "1/2-1/2"]
[WhiteElo "1650"]
[BlackElo "2015"]
[PlyCount "29"]
[EventDate "2010.10.17"]
[SourceDate "2010.10.30"]

1. e4 c5 2. Nf3 e6 3. d4 cxd4 4. Nxd4 Nf6 5. Bd3 d6 6. O-O Be7 7. Nc3 O-O 8.
Be3 Nc6 9. Nb3 a6 10. f4 e5 11. f5 d5 12. exd5 Nxd5 13. Nxd5 Qxd5 14. Qf3 Qxf3
15. Rxf3 1/2-1/2

[Event "Guernsey Open"]
[Site "Guernsey"]
[Date "2010.10.18"]
[Round "2"]
[White "Bakker, Joop PA"]
[Black "Forbes, Garry"]
[Result "1/2-1/2"]
[WhiteElo "2019"]
[BlackElo "1922"]
[PlyCount "136"]
[EventDate "2010.10.17"]
[SourceDate "2010.10.30"]

1. f4 g6 2. Nf3 Bg7 3. g3 c5 4. Bg2 Nc6 5. O-O Nf6 6. d3 O-O 7. e4 d6 8. c3 Bg4
9. Nbd2 Rb8 10. a4 a6 11. h3 Bxf3 12. Qxf3 Qc7 13. Nc4 Nd7 14. Bd2 Na5 15. Ne3
Nb3 16. Nd5 Nxd2 17. Qe2 Qd8 18. Qxd2 b5 19. axb5 axb5 20. Ra7 Ra8 21. Rxa8
Qxa8 22. Nxe7+ Kh8 23. e5 Qb8 24. Nc6 Qc7 25. d4 Nb8 26. Nxb8 Qxb8 27. Kh2 Rd8
28. Qf2 cxd4 29. cxd4 Rc8 30. Ra1 h6 31. Ra8 Qc7 32. Rxc8+ Qxc8 33. Qe2 dxe5
34. fxe5 b4 35. d5 Qe8 36. e6 Qe7 37. b3 Bf6 38. Qc4 Kg7 39. h4 h5 40. exf7
Qxf7 41. Qxb4 Be5 42. Qe4 Qc7 43. Qd3 g5 44. Qe3 Qe7 45. Qxg5+ Qxg5 46. hxg5
Kg6 47. Kh3 Kxg5 48. b4 Bd6 49. b5 Bb8 50. b6 Bd6 51. b7 Bc7 52. Bf3 Bd6 53.
Kg2 Bc7 54. Kf2 Bd6 55. Ke3 Bxg3 56. Kd4 Bd6 57. Kc4 h4 58. Kb5 Kf6 59. Kc6 Ke7
60. Kb6 Bb8 61. Bg4 Kd6 62. Bf3 h3 63. Bh1 h2 64. Bg2 Kd7 65. Kc5 Ba7+ 66. Kb5
Bb8 67. Kb6 Kd6 68. Bh1 Kd7 1/2-1/2

[Event "Guernsey Open"]
[Site "Guernsey"]
[Date "2010.10.18"]
[Round "2"]
[White "Hickman, John"]
[Black "Guttridge, David"]
[Result "1-0"]
[WhiteElo "2012"]
[BlackElo "1904"]
[PlyCount "38"]
[EventDate "2010.10.17"]
[SourceDate "2010.10.30"]

1. Nf3 e6 2. d3 d5 3. Nbd2 c5 4. g3 Bd6 5. Bg2 Nc6 6. O-O Nge7 7. e4 b6 8. Re1
Bb7 9. exd5 Nxd5 10. Nc4 Qc7 11. Nxd6+ Qxd6 12. d4 cxd4 13. Nxd4 Nde7 14. Nb5
Qxd1 15. Rxd1 O-O 16. Rd7 Ba6 17. Nc7 Rad8 18. Rxd8 Rxd8 19. Nxa6 Nd4 1-0

[Event "Guernsey Open"]
[Site "Guernsey"]
[Date "2010.10.18"]
[Round "2"]
[White "Von Saldern, Ruediger"]
[Black "Gibson, John"]
[Result "1-0"]
[WhiteElo "2012"]
[BlackElo "1873"]
[PlyCount "105"]
[EventDate "2010.10.17"]
[SourceDate "2010.10.30"]

1. d4 e6 2. c4 f5 3. Nc3 Nf6 4. Bg5 Bb4 5. Bxf6 Qxf6 6. Nf3 O-O 7. e3 d6 8. Qb3
a5 9. Be2 Kh8 10. a3 a4 11. Qc2 Bxc3+ 12. Qxc3 Nc6 13. O-O Na5 14. Rad1 Nb3 15.
Nd2 Bd7 16. Bf3 Nxd2 17. Rxd2 Bc6 18. d5 exd5 19. Qxf6 Rxf6 20. cxd5 Bb5 21.
Rc1 Rf7 22. g3 g5 23. Bh5 Re7 24. Be2 Be8 25. Rdc2 Rc8 26. Bf3 Bb5 27. Rd1 Rg8
28. Rd4 b6 29. Bg2 Rf8 30. Rb4 Be8 31. Rbc4 Rff7 32. Rc1 h5 33. h4 Rg7 34. hxg5
Bb5 35. R4c3 Kg8 36. f4 Kf8 37. Kf2 Ke8 38. Bf3 Kd8 39. Bxh5 Rh7 40. Rh1 Be8
41. Bf3 Rxh1 42. Bxh1 Rh7 43. Bg2 Bh5 44. Rc1 Bg4 45. Rh1 Rxh1 46. Bxh1 Bd1 47.
e4 fxe4 48. Bxe4 Ke7 49. Bf3 Bc2 50. g4 Kf7 51. f5 Kg7 52. Ke3 Bb3 53. Kf4 1-0

[Event "Guernsey Open"]
[Site "Guernsey"]
[Date "2010.10.18"]
[Round "2"]
[White "Goris Schouwstra, Adry"]
[Black "De Kruif, Kees"]
[Result "0-1"]
[WhiteElo "1911"]
[BlackElo "2010"]
[PlyCount "124"]
[EventDate "2010.10.17"]
[SourceDate "2010.10.30"]

1. d4 Nf6 2. Nf3 e6 3. e3 Be7 4. Be2 O-O 5. O-O c5 6. c4 d5 7. cxd5 Nxd5 8. a3
Nf6 9. dxc5 Qxd1 10. Rxd1 Bxc5 11. b4 Be7 12. Bb2 Bd7 13. Nc3 a6 14. b5 axb5
15. Nxb5 Bc6 16. Ne5 Na6 17. Nxc6 bxc6 18. Nd4 Rfc8 19. Rdc1 c5 20. Nb5 Nd5 21.
e4 Nb6 22. Be5 f6 23. Bd6 Kf7 24. e5 Nd5 25. Bxe7 Kxe7 26. exf6+ gxf6 27. Bc4
Nac7 28. Nc3 f5 29. Ne2 Kd6 30. g3 Ra5 31. a4 Rb8 32. Nc3 Nxc3 33. Rxc3 Rb4 34.
Bb3 Nd5 35. Rf3 c4 36. Bc2 Rb2 37. Rc1 Nb4 38. Bd1 Rc5 39. Kf1 Kd5 40. Ra3 Nd3
41. Rc2 Rb1 42. Rd2 Ra5 43. Ke2 Kd4 44. h4 Re5+ 45. Kf3 h6 46. Be2 Rxe2 47.
Kxe2 Re1+ 48. Kf3 c3 49. Re2 Ne5+ 50. Rxe5 Rxe5 51. a5 c2 52. Ra1 Rxa5 53. Rxa5
c1=Q 54. Kg2 Qc2 55. Ra7 Ke4 56. Ra3 e5 57. Re3+ Kd5 58. Kf1 Qc4+ 59. Kg2 f4
60. Re1 fxg3 61. fxg3 e4 62. g4 Qc2+ 0-1

[Event "Guernsey Open"]
[Site "Guernsey"]
[Date "2010.10.18"]
[Round "2"]
[White "Dijksterhuis, Rolf"]
[Black "Nicholson, John"]
[Result "1/2-1/2"]
[WhiteElo "2008"]
[BlackElo "1863"]
[PlyCount "40"]
[EventDate "2010.10.17"]
[SourceDate "2010.10.30"]

1. e4 e6 2. d4 d5 3. Nc3 Be7 4. Nf3 Nc6 5. Be2 Nf6 6. exd5 exd5 7. O-O O-O 8.
Bf4 Bd6 9. Ne5 Re8 10. Bb5 Bd7 11. Re1 a6 12. Bf1 Ng4 13. Nxd5 Ncxe5 14. dxe5
Bxe5 15. Bxe5 Rxe5 {(=)} 16. Rxe5 Qh4 17. h3 Qxf2+ 18. Kh1 Nxe5 19. Qh5 Ng6 20.
Bd3 Re8 1/2-1/2

[Event "Guernsey Open"]
[Site "Guernsey"]
[Date "2010.10.18"]
[Round "2"]
[White "Downey, Kevin"]
[Black "Warmerdam, Robert"]
[Result "1-0"]
[WhiteElo "1997"]
[BlackElo "1789"]
[PlyCount "71"]
[EventDate "2010.10.17"]
[SourceDate "2010.10.30"]

1. c4 c5 2. Nf3 Nc6 3. Nc3 d6 4. g3 g6 5. Bg2 Bg7 6. O-O Nf6 7. d4 cxd4 8. Nxd4
Bd7 9. h3 Qc8 10. Nxc6 Bxc6 11. Qd3 Bxg2 12. Kxg2 Qc6+ 13. Kg1 Rc8 14. b3 a6
15. Bd2 O-O 16. Rac1 Rfd8 17. e4 Nd7 18. Nd5 Re8 19. Qe2 e6 20. Nc3 Nc5 21.
Rfe1 b6 22. Kh2 Qd7 23. Rcd1 Qe7 24. Nb1 Nb7 25. Qe3 Qc7 26. Bb4 Nc5 27. Bc3
Bxc3 28. Nxc3 Rcd8 29. Rd2 Rd7 30. Red1 Rb8 31. f4 Nb7 32. f5 Qd8 33. fxe6 fxe6
34. Na4 Nc5 35. Nc3 Nb7 36. e5 1-0

[Event "Guernsey Open"]
[Site "Guernsey"]
[Date "2010.10.18"]
[Round "2"]
[White "Cummins, John"]
[Black "Ippel, Cornelius J"]
[Result "0-1"]
[WhiteElo "1882"]
[BlackElo "1996"]
[PlyCount "80"]
[EventDate "2010.10.17"]
[SourceDate "2010.10.30"]

1. e4 e6 2. d4 d5 3. Nc3 Bb4 4. e5 c5 5. a3 Ba5 6. Nf3 Qc7 7. Bb5+ Bd7 8. O-O
Bxc3 9. Bxd7+ Nxd7 10. bxc3 Ne7 11. Nh4 Rc8 12. Ra2 Ng6 13. Bg5 b6 14. Qd3 cxd4
15. cxd4 Nxh4 16. Bxh4 Qc4 17. Qxc4 Rxc4 18. Rd1 Nxe5 19. Bg3 Nc6 20. Kf1 O-O
21. f3 Nxd4 22. c3 Nb5 23. Rc1 Rfc8 24. a4 Rxc3 25. Rxc3 Nxc3 26. Rc2 Rc4 27.
a5 b5 28. a6 b4 29. Bb8 Nb5 30. Rb2 Kf8 31. Ke1 Ke7 32. Kd2 Kd7 33. Bg3 Kc6 34.
Bf2 e5 35. Rc2 Rxc2+ 36. Kxc2 d4 37. Kb2 Kc5 38. g3 Nc7 39. Be1 Nxa6 40. Bd2
Kb5 0-1

[Event "Guernsey Open"]
[Site "Guernsey"]
[Date "2010.10.18"]
[Round "2"]
[White "Williams, Peter D"]
[Black "Jouault, Louis"]
[Result "0-1"]
[WhiteElo "1866"]
[BlackElo "1984"]
[PlyCount "54"]
[EventDate "2010.10.17"]
[SourceDate "2010.10.30"]

1. d4 Nf6 2. c4 g6 3. Nc3 Bg7 4. Nf3 O-O 5. e4 d6 6. h3 e5 7. d5 Na6 8. Bd3 Ne8
9. g4 Nb4 10. Bb1 a5 11. Be3 c5 12. a3 Na6 13. Qd2 Nac7 14. Bd3 Bd7 15. Ke2 f5
16. gxf5 gxf5 17. Bh6 f4 18. Rag1 Kh8 19. Bxg7+ Nxg7 20. Rg5 Qf6 21. h4 h6 22.
Rg2 Be8 23. Kd1 Bh5 24. Be2 Rf7 25. Rhg1 Kh7 26. Qc2 Rb8 27. Ne1 f3 0-1

[Event "Guernsey Open"]
[Site "Guernsey"]
[Date "2010.10.18"]
[Round "2"]
[White "Brookfield, Toby"]
[Black "Van Randen, Fred"]
[Result "0-1"]
[WhiteElo "1782"]
[BlackElo "1951"]
[PlyCount "70"]
[EventDate "2010.10.17"]
[SourceDate "2010.10.30"]

1. e4 e5 2. f4 exf4 3. Bc4 d5 4. Bxd5 Nf6 5. Nc3 c6 6. Bb3 Bb4 7. d3 Na6 8.
Bxf4 Nc5 9. Nf3 a5 10. a3 Nxb3 11. cxb3 Be7 12. O-O O-O 13. Qc2 Be6 14. Na4 b5
15. Nc3 h6 16. Rad1 Qb6+ 17. d4 Rfd8 18. Ne5 Ng4 19. h3 Nxe5 20. Bxe5 Bg5 21.
Kh1 Rac8 22. d5 cxd5 23. exd5 Bd7 24. Qe4 b4 25. Qf3 Qg6 26. Ne4 Be8 27. d6 Bc6
28. d7 Ra8 29. Nf6+ Bxf6 30. Qxc6 Bxe5 31. Qxa8 Rxa8 32. d8=Q+ Rxd8 33. Rxd8+
Kh7 34. Rfd1 Qg3 35. Kg1 Qxb3 0-1

[Event "Guernsey Open"]
[Site "Guernsey"]
[Date "2010.10.18"]
[Round "2"]
[White "Bridel, Jon"]
[Black "Morcom, Huw"]
[Result "1/2-1/2"]
[WhiteElo "1653"]
[BlackElo "1950"]
[PlyCount "50"]
[EventDate "2010.10.17"]
[SourceDate "2010.10.30"]

1. b3 e5 2. Bb2 d6 3. c4 Nf6 4. e3 Be7 5. d3 O-O 6. Nf3 b6 7. Be2 Bb7 8. Nbd2
Nbd7 9. O-O Re8 10. Qc2 Bf8 11. e4 g6 12. a3 Bg7 13. b4 Nh5 14. Rfe1 Qe7 15.
Bf1 Rf8 16. g3 Rae8 17. Bh3 f5 18. Nh4 f4 19. Qa4 fxg3 20. fxg3 Bc8 21. Qd1
Ndf6 22. Bxc8 Rxc8 23. Qe2 Qe6 24. Qg2 Bh6 25. Bc1 Qg4 1/2-1/2

[Event "Guernsey Open"]
[Site "Guernsey"]
[Date "2010.10.19"]
[Round "3"]
[White "Pert, Nicholas"]
[Black "Mack, Wolfgang"]
[Result "1-0"]
[WhiteElo "2561"]
[BlackElo "2256"]
[PlyCount "49"]
[EventDate "2010.10.17"]
[SourceDate "2010.10.30"]

1. d4 g6 2. e4 Bg7 3. Nc3 d6 4. Be3 a6 5. Nf3 b5 6. Bd3 Nd7 7. e5 b4 8. Ne4
dxe5 9. Neg5 Bb7 10. Nxf7 Kxf7 11. Ng5+ Ke8 12. Ne6 Qc8 13. Nxg7+ Kf7 14. Nh5
e6 15. Ng3 Ngf6 16. O-O c5 17. dxc5 Nxc5 18. Bxc5 Qxc5 19. Qe2 Rhd8 20. Rfe1
Qc6 21. f3 Rd5 22. Qf2 Ra5 23. Ne4 Re8 24. Nxf6 Kxf6 25. Qh4+ 1-0

[Event "Guernsey Open"]
[Site "Guernsey"]
[Date "2010.10.19"]
[Round "3"]
[White "Broek, Thomas"]
[Black "Hillarp Persson, Tiger"]
[Result "0-1"]
[WhiteElo "2217"]
[BlackElo "2517"]
[PlyCount "120"]
[EventDate "2010.10.17"]
[SourceDate "2010.10.30"]

1. e4 c5 2. Nf3 e6 3. d4 cxd4 4. Nxd4 a6 5. c4 Nf6 6. Nc3 Qc7 7. Be2 Bb4 8. Qc2
Nc6 9. Be3 Ne5 10. Bf4 Nd3+ 11. Bxd3 Qxf4 12. Nde2 Qc7 13. h3 O-O 14. O-O Be7
15. Kh1 d6 16. f4 Bd7 17. Rac1 b5 18. cxb5 axb5 19. Nd4 Qc5 20. Ndxb5 Nh5 21.
Rf3 Bh4 22. b4 Qxb4 23. Rb1 Qc5 24. Na4 Qxc2 25. Bxc2 Bxb5 26. Rxb5 Ng3+ 27.
Kh2 Ne2 28. Rd3 Nxf4 29. Rxd6 Ng6 30. Rd7 Bf6 31. Bb3 Rac8 32. Rbb7 Ne5 33. Rd1
Rcd8 34. Rxd8 Rxd8 35. Nc5 h5 36. a4 Bg5 37. Nxe6 fxe6 38. Bxe6+ Kh7 39. Bd5
Rc8 40. Rb2 Rc3 41. Rf2 Bh4 42. Rf1 Ra3 43. g4 hxg4 44. hxg4 Nxg4+ 45. Kh1 Ne5
46. Rf5 Bf6 47. Rh5+ Kg6 48. Rh8 Rxa4 49. Bb3 Ra3 50. Be6 Kg5 51. Rh3 Ra4 52.
Bd5 Kf4 53. Kg2 Rd4 54. Ra3 Rd2+ 55. Kf1 Bh4 56. Ra8 Nf3 57. Ra2 Rd4 58. Kg2 g5
59. Re2 g4 60. Bc6 Rd1 0-1

[Event "Guernsey Open"]
[Site "Guernsey"]
[Date "2010.10.19"]
[Round "3"]
[White "Havenaar, Jan"]
[Black "Sveshnikov, Vladimir"]
[Result "0-1"]
[WhiteElo "2193"]
[BlackElo "2374"]
[PlyCount "98"]
[EventDate "2010.10.17"]
[SourceDate "2010.10.30"]

1. Nc3 d5 2. e4 d4 3. Nce2 e5 4. Ng3 Be6 5. c3 a6 6. Nf3 Nc6 7. cxd4 exd4 8. d3
Bb4+ 9. Nd2 Nf6 10. Be2 g6 11. O-O h5 12. h3 h4 13. Nh1 g5 14. f4 gxf4 15. Rxf4
Bd6 16. Rf1 Rg8 17. Nf2 Qd7 18. Kh1 O-O-O 19. e5 Bxe5 20. Nde4 Nxe4 21. dxe4
Bg3 22. Bg4 Bxf2 23. Bxe6 Qxe6 24. Rxf2 Qxe4 25. Qf1 d3 26. Bf4 Rd7 27. Re1 Qd5
28. a3 Nd8 29. Bd2 Ne6 30. Rf5 Qc6 31. Rc1 Qe4 32. Re1 Qc6 33. Rc1 Qa4 34. Rxf7
Rgd8 35. Rxd7 Qxd7 36. Qf6 Nd4 37. Qxh4 Nb3 38. Rd1 Nxd2 39. Rxd2 Kb8 40. Qe4
Qd6 41. g4 Qc5 42. Kg2 Rd4 43. Qf3 Ka7 44. h4 b6 45. Kh3 Qc1 46. Qg2 Qe1 47. h5
a5 48. a4 Rf4 49. Qh2 Rf3+ 0-1

[Event "Guernsey Open"]
[Site "Guernsey"]
[Date "2010.10.19"]
[Round "3"]
[White "Bellin, Robert"]
[Black "Spanton, Timothy R"]
[Result "1-0"]
[WhiteElo "2365"]
[BlackElo "2020"]
[PlyCount "94"]
[EventDate "2010.10.17"]
[SourceDate "2010.10.30"]

1. e4 e5 2. Nf3 Nc6 3. Bb5 Nf6 4. d3 Bc5 5. O-O O-O 6. Bxc6 bxc6 7. Nxe5 d5 8.
d4 Bb6 9. exd5 cxd5 10. Be3 Qd6 11. Nd2 Rb8 12. c3 Ba6 13. Re1 Ne4 14. Qa4 Bb7
15. Qd7 Rbd8 16. Qxd6 Rxd6 17. Nb3 Re6 18. Nd7 Rfe8 19. Ndc5 Bxc5 20. dxc5 Ba6
21. Red1 c6 22. Bd4 Bc4 23. f3 Nf6 24. Bxf6 Rxf6 25. Nd4 Kf8 26. Kf2 Rh6 27. h3
Rf6 28. Re1 Re7 29. b3 Ba6 30. g4 Bc8 31. Kg3 g5 32. Rxe7 Kxe7 33. Re1+ Kd8 34.
Rh1 Bd7 35. h4 Rh6 36. Rh3 f6 37. h5 f5 38. gxf5 Rf6 39. Kg4 h6 40. Rh1 Ke7 41.
Re1+ Kf7 42. b4 a6 43. f4 gxf4 44. Kxf4 Kf8 45. Rg1 Be8 46. Ke5 Rf7 47. f6 Rh7
1-0